The industrial information technology handbook / (Record no. 176047)

000 -LEADER
fixed length control field 00876 a2200241 4500
003 - CONTROL NUMBER IDENTIFIER
control field Nust
005 - DATE AND TIME OF LATEST TRANSACTION
control field 20221007182853.0
010 ## - LIBRARY OF CONGRESS CONTROL NUMBER
LC control number 2004051919
020 ## - INTERNATIONAL STANDARD BOOK NUMBER
International Standard Book Number 0849319854 (alk. paper)
035 ## - SYSTEM CONTROL NUMBER
System control number (OCoLC)ocm55616710
040 ## - CATALOGING SOURCE
Transcribing agency Nust
082 00 - DEWEY DECIMAL CLASSIFICATION NUMBER
Classification number 670.427,THE
245 04 - TITLE STATEMENT
Title The industrial information technology handbook /
Statement of responsibility, etc. edited by Richard Zurawski.
260 ## - PUBLICATION, DISTRIBUTION, ETC.
Place of publication, distribution, etc. Boca Raton :
Name of publisher, distributor, etc. CRC Press,
Date of publication, distribution, etc. c2005.
300 ## - PHYSICAL DESCRIPTION
Extent 1 v. (various pagings) :
Other physical details ill. ;
Dimensions 27 cm.
440 #0 - SERIES STATEMENT/ADDED ENTRY--TITLE
Title Industrial electronics series
9 (RLIN) 99536
505 ## - FORMATTED CONTENTS NOTE
Formatted contents note PART-1: Fundamentals of Information Technology (Page-1-1), PART-2: Industrial Information Technology (Page-37-1).
650 #0 - SUBJECT ADDED ENTRY--TOPICAL TERM
Topical term or geographic name entry element Automation
650 #0 - SUBJECT ADDED ENTRY--TOPICAL TERM
Topical term or geographic name entry element Information technology
700 1# - ADDED ENTRY--PERSONAL NAME
Personal name Zurawski, Richard.
9 (RLIN) 99537
856 42 - ELECTRONIC LOCATION AND ACCESS
Materials specified Publisher description
Uniform Resource Identifier <a href="http://www.loc.gov/catdir/enhancements/fy0646/2004051919-d.html">http://www.loc.gov/catdir/enhancements/fy0646/2004051919-d.html</a>
942 ## - ADDED ENTRY ELEMENTS (KOHA)
Koha item type Reference
Source of classification or shelving scheme
Holdings
Withdrawn status Lost status Source of classification or shelving scheme Damaged status Not for loan Permanent Location Current Location Shelving location Date acquired Full call number Barcode Date last seen Price effective from Koha item type Public note
          Military College of Signals (MCS) Military College of Signals (MCS) Reference 12/12/2016 670.427,THE MCS31490 12/08/2016 12/12/2016 Reference Almirah No.24, Shelf No.6
© 2023 Central Library, National University of Sciences and Technology. All Rights Reserved.